Z nových veršov

Bibliographic Details
Main Author: Matláková, Zlata, 1949- (Author)
Format: Article
Language:Slovak
ISSN:1335-7786
Subjects:

MARC

LEADER 00000nab a2200000 a 4500
001 vtls009948471
003 SK-MaSNL
005 20260304150843.0
008 250506c2009 xo |r|p|||||||000 b|slo
015 |a SNBRB2009/09  |2 snkbucl 
035 |a (uuid)3a365a3c-5785-407b-aead-78a108298b4f 
035 |a urn:nbn:sk:snk-abeubg 
035 |a (urnnbn)urn:nbn:sk:snk:ar-008mkd 
038 |a SNKBUCL 
040 |a SNKBUCL  |b slo  |c SNKBUCL  |e AACR2 
041 0 |a slo 
044 |a xo  |c SK 
080 |a 821.162.4-1  |2 2001 
100 1 |a Matláková, Zlata,  |d 1949-  |4 aut  |9 111671 
245 1 0 |a Z nových veršov  |c Zlata Matláková 
500 |a Blok obsahuje 3 básne 
650 0 7 |a slovenská poézia  |2 snkbucl  |9 215422 
773 0 |t Slovenské pohľady  |g Roč. IV.+125., č. 7-8 (2009), s. 170-171  |x 1335-7786 
850 |a Slovenská národná knižnica 
852 |a Slovenská národná knižnica 
958 |a article27 
958 |a LX 
958 |a SK 
958 |a OND 
958 |a EUIPO 
999 |c 2940010  |d 2941940